[Event "Oberliga Ost B"]
[Site "?"]
[Date "2023.02.04"]
[Round "6.3"]
[White "Galperin, Platon"]
[Black "Mazurek, Robert"]
[Result "1-0"]
[WhiteElo "2538"]
[BlackElo "2232"]
[PlyCount "67"]
[EventDate "2022.09.18"]
[EventType "team-tourn"]
[EventCountry "GER"]
[WhiteTeam "Emstal Bad Wolfhagen SF"]
[BlackTeam "Gernsheim SK"]
[WhiteTeamCountry "GER"]
[BlackTeamCountry "GER"]

1. Nf3 Nf6 2. g3 g6 3. Bg2 Bg7 4. d4 d5 5. c4 c6 6. O-O dxc4 7. Nc3 O-O 8. e4 a5 9. Qe2 b5 10. Rd1 b4 11. Na4 Ba6 12. Nc5 Bb5 13. e5 c3 14. Qc2 Nd5 15. e6 f5 16. h4 Na6 17. Nd7 a4 18. bxc3 Nxc3 19. Re1 Re8 20. h5 c5 21. hxg6 hxg6 22. Nfe5 cxd4 23. Qd2 Ne4 24. Rxe4 fxe4 25. Qg5 e3 26. Qxg6 Rf8 27. Be4 exf2+ 28. Kh2 f1=N+ 29. Kh3 Rf5 30. Bxf5 Qxd7 31. Qf7+ Kh8 32. Qh5+ Kg8 33. Bh7+ Kf8 34. Qf7# 1-0

[Event "Oberliga Ost B"]
[Site "?"]
[Date "2023.02.04"]
[Round "6.4"]
[White "Mueller, Maximilian"]
[Black "Larkin, Vladyslav"]
[Result "0-1"]
[WhiteElo "2319"]
[BlackElo "2441"]
[PlyCount "52"]
[EventDate "2022.09.18"]
[EventType "team-tourn"]
[EventCountry "GER"]
[WhiteTeam "Gernsheim SK"]
[BlackTeam "Emstal Bad Wolfhagen SF"]
[WhiteTeamCountry "GER"]
[BlackTeamCountry "GER"]

1. e4 c5 2. Ne2 e6 3. c4 Nc6 4. Nbc3 Nd4 5. d3 Ne7 6. Be3 Nec6 7. Nf4 a6 8. g3 g6 9. Bg2 Bg7 10. h4 h6 11. h5 g5 12. Nh3 d6 13. f4 gxf4 14. gxf4 f5 15. O-O Bd7 16. Rb1 O-O 17. Kh2 Kh8 18. Ne2 Rg8 19. Bxd4 Nxd4 20. Nxd4 Bxd4 21. exf5 Qh4 22. Rf3 Bc6 23. Bh1 Bf2 24. Bg2 Rxg2+ 25. Kxg2 Qg3+ 26. Kf1 Bxf3 0-1

[Event "Oberliga Ost B"]
[Site "?"]
[Date "2023.02.04"]
[Round "6.5"]
[White "Petrovskyi, Vadym"]
[Black "Peterson, Emery"]
[Result "1-0"]
[WhiteElo "2416"]
[BlackElo "2175"]
[PlyCount "119"]
[EventDate "2022.09.18"]
[EventType "team-tourn"]
[EventCountry "GER"]
[WhiteTeam "Emstal Bad Wolfhagen SF"]
[BlackTeam "Gernsheim SK"]
[WhiteTeamCountry "GER"]
[BlackTeamCountry "GER"]

1. e4 e6 2. d4 d5 3. Nc3 Bb4 4. e5 c5 5. a3 Ba5 6. b4 cxd4 7. Nb5 Bc7 8. f4 Ne7 9. Nf3 Nbc6 10. Bd3 a6 11. Nxc7+ Qxc7 12. O-O Bd7 13. Kh1 Nf5 14. Bxf5 exf5 15. Bb2 Be6 16. Qd2 O-O 17. Bxd4 Nxd4 18. Nxd4 Rac8 19. Rf3 g6 20. h3 Qb6 21. Rc3 Rxc3 22. Qxc3 Rc8 23. Qe3 Rc4 24. Rd1 Qc7 25. Rd3 Qd8 26. Kh2 Kg7 27. Rc3 Qc7 28. Rxc4 Qxc4 29. Qd3 Qc7 30. Kg3 h6 31. Kf2 Bd7 32. Ke3 Kf8 33. Kd2 Ke7 34. Qc3 Qb6 35. Qe3 Qc7 36. Qc3 Qb6 37. g3 Kd8 38. Qe3 Kc7 39. Nb3 Qxe3+ 40. Kxe3 Ba4 41. Nd4 Bd7 42. h4 h5 43. Kd3 Kb6 44. Nb3 Kb5 45. Nc5 Bc8 46. c3 b6 47. a4+ Kc6 48. Nb3 Bd7 49. a5 Kc7 50. Kd4 Kc6 51. axb6 Kxb6 52. Nd2 Be6 53. Nf3 Kb5 54. Ng5 Ka4 55. Nh7 Kb3 56. Nf6 Kb2 57. Nxd5 Bxd5 58. Kxd5 Kxc3 59. Kc5 Kb3 60. b5 1-0

[Event "Oberliga Ost B"]
[Site "?"]
[Date "2023.02.04"]
[Round "6.6"]
[White "Mao, Kevin"]
[Black "Prokofiev, Valentyn"]
[Result "0-1"]
[WhiteElo "2052"]
[BlackElo "2299"]
[PlyCount "64"]
[EventDate "2022.09.18"]
[EventType "team-tourn"]
[EventCountry "GER"]
[WhiteTeam "Gernsheim SK"]
[BlackTeam "Emstal Bad Wolfhagen SF"]
[WhiteTeamCountry "GER"]
[BlackTeamCountry "GER"]

1. e4 c5 2. Nc3 Nc6 3. f4 g6 4. Nf3 Bg7 5. Bc4 e6 6. O-O Nge7 7. Qe1 d6 8. d3 O-O 9. f5 gxf5 10. Qg3 fxe4 11. dxe4 Ng6 12. h4 Nce5 13. Bg5 Qb6 14. Nxe5 Bxe5 15. Qf3 Qxb2 16. Nb5 Qb4 17. h5 Qxc4 18. hxg6 hxg6 19. Be7 Bd7 20. Nxd6 Qd4+ 21. Kh1 Bxd6 22. Bf6 Be5 23. Rad1 Bxf6 24. Rxd4 Bxd4 25. e5 Bxe5 26. Qxb7 Rad8 27. Qxa7 Bb5 28. Re1 Bd4 29. Qe7 Kg7 30. g4 Bc6+ 31. Kh2 Bf2 32. Rxe6 Rh8+ 0-1

[Event "Oberliga Ost B"]
[Site "?"]
[Date "2023.02.04"]
[Round "6.7"]
[White "Kersten, Uwe"]
[Black "Schupp, Uwe"]
[Result "1/2-1/2"]
[WhiteElo "2239"]
[BlackElo "2071"]
[PlyCount "31"]
[EventDate "2022.09.18"]
[EventType "team-tourn"]
[EventCountry "GER"]
[WhiteTeam "Emstal Bad Wolfhagen SF"]
[BlackTeam "Gernsheim SK"]
[WhiteTeamCountry "GER"]
[BlackTeamCountry "GER"]

1. e4 d6 2. d4 Nf6 3. Nc3 e5 4. Nf3 exd4 5. Nxd4 Be7 6. Bf4 O-O 7. Qd2 Nc6 8. O-O-O Nxd4 9. Qxd4 Be6 10. f3 a6 11. g4 b5 12. Qd2 c6 13. Kb1 b4 14. Na4 Qa5 15. b3 d5 16. Be3 1/2-1/2

[Event "Oberliga Ost B"]
[Site "?"]
[Date "2023.02.04"]
[Round "6.8"]
[White "Will, Jens"]
[Black "Rakhmangulova, Anastasiya"]
[Result "0-1"]
[WhiteElo "2068"]
[BlackElo "2275"]
[PlyCount "70"]
[EventDate "2022.09.18"]
[EventType "team-tourn"]
[EventCountry "GER"]
[WhiteTeam "Gernsheim SK"]
[BlackTeam "Emstal Bad Wolfhagen SF"]
[WhiteTeamCountry "GER"]
[BlackTeamCountry "GER"]

1. d4 Nf6 2. Nf3 g6 3. c4 Bg7 4. Nc3 d6 5. e4 O-O 6. Be2 Nbd7 7. Bg5 e5 8. d5 h6 9. Bd2 Nc5 10. Qc2 a5 11. h3 Nfxe4 12. Nxe4 Bf5 13. Bd3 Bxe4 14. Bxe4 f5 15. Bxf5 gxf5 16. O-O-O e4 17. Ne1 a4 18. a3 b5 19. g4 Nb3+ 20. Kb1 Nd4 21. Qc1 f4 22. Ng2 Ne2 23. Qc2 bxc4 24. Rhe1 Rb8 25. Bb4 f3 26. Ne3 Rxb4 27. axb4 a3 28. Nxc4 axb2 29. Rxe2 fxe2 30. Qxe2 Qa8 31. Na5 Qe8 32. Nc6 Rf3 33. h4 Ra3 34. f4 e3 35. Ne5 Qa4 0-1

[Event "Oberliga Ost B"]
[Site "?"]
[Date "2023.02.04"]
[Round "6.1"]
[White "Teske, Henrik"]
[Black "Kunin, Vitaly"]
[Result "0-1"]
[WhiteElo "2465"]
[BlackElo "2510"]
[PlyCount "98"]
[EventDate "2022.09.18"]
[EventType "team-tourn"]
[EventCountry "GER"]
[WhiteTeam "Erfurt SV Empor"]
[BlackTeam "Moerlenbach Birkenau Freibauer"]
[WhiteTeamCountry "GER"]
[BlackTeamCountry "GER"]

1. e4 c5 2. Nf3 g6 3. c3 d5 4. exd5 Qxd5 5. d4 Bg7 6. Be3 cxd4 7. Nxd4 Nf6 8. Nd2 Bd7 9. Be2 Bc6 10. Bf3 Qd7 11. Nxc6 Nxc6 12. Ne4 Nxe4 13. Qxd7+ Kxd7 14. Bxe4 Kc7 15. O-O-O Rhd8 16. Kc2 a6 17. g4 e6 18. Bg2 f5 19. h3 Rxd1 20. Rxd1 Rd8 21. Rg1 Bf8 22. Re1 Bd6 23. Bg5 Re8 24. a3 Ne5 25. Bf4 Nf7 26. Be3 Ne5 27. Bf4 Nf7 28. Bc1 Ne5 29. g5 Nc6 30. b4 e5 31. Bd5 e4 32. f4 Nd8 33. Be3 Ne6 34. Rf1 Kc8 35. a4 Bb8 36. a5 Re7 37. h4 Nc7 38. Bc4 Nb5 39. Bd5 Ba7 40. Bxa7 Nxa7 41. h5 gxh5 42. Rh1 e3 43. Bc4 Re4 44. Bd3 Rxf4 45. Rxh5 Rf2+ 46. Kc1 Nc6 47. Rh3 f4 48. Rxh7 Ne5 49. Be4 Rf1+ 0-1

[Event "Oberliga Ost B"]
[Site "?"]
[Date "2023.02.04"]
[Round "6.2"]
[White "Galdunts, Sergey"]
[Black "Langheinrich, Ferenc"]
[Result "0-1"]
[WhiteElo "2411"]
[BlackElo "2381"]
[PlyCount "104"]
[EventDate "2022.09.18"]
[EventType "team-tourn"]
[EventCountry "GER"]
[WhiteTeam "Moerlenbach Birkenau Freibauer"]
[BlackTeam "Erfurt SV Empor"]
[WhiteTeamCountry "GER"]
[BlackTeamCountry "GER"]

1. e4 e6 2. d4 d5 3. e5 b6 4. c3 Qd7 5. h4 f5 6. Nh3 c5 7. Nf4 Ba6 8. Bxa6 Nxa6 9. Qh5+ Qf7 10. Qe2 Nc7 11. dxc5 Bxc5 12. Nd2 Qd7 13. Nf3 Nh6 14. b4 Be7 15. Nh5 Rg8 16. Nd4 Nf7 17. Nf4 g6 18. a4 Nd8 19. Rh3 Nc6 20. Nb5 Kf7 21. Rd3 a6 22. Na3 b5 23. axb5 axb5 24. Nc2 Rxa1 25. Nxa1 Ra8 26. Nb3 Qc8 27. h5 g5 28. Nh3 h6 29. Rd1 d4 30. g4 Nd5 31. gxf5 Nxc3 32. Qc2 exf5 33. Nxd4 Nxd4 34. Rxd4 Ne4 35. Qxc8 Rxc8 36. Be3 Ra8 37. Kf1 Ke6 38. Ng1 Nc3 39. Nf3 g4 40. Ne1 Ra1 41. Bxh6 Nd5 42. Ke2 Bxb4 43. Nd3 Ra2+ 44. Kf1 Bc3 45. Nc5+ Kxe5 46. Bg7+ Kd6 47. Rxd5+ Kxd5 48. Bxc3 Kxc5 49. h6 g3 50. fxg3 Rh2 51. Bg7 b4 52. Kg1 Rh5 0-1

[Event "Oberliga Ost B"]
[Site "?"]
[Date "2023.02.04"]
[Round "6.3"]
[White "Urban, Lars"]
[Black "Legde, Georg"]
[Result "1/2-1/2"]
[WhiteElo "2192"]
[BlackElo "2363"]
[PlyCount "78"]
[EventDate "2022.09.18"]
[EventType "team-tourn"]
[EventCountry "GER"]
[WhiteTeam "Erfurt SV Empor"]
[BlackTeam "Moerlenbach Birkenau Freibauer"]
[WhiteTeamCountry "GER"]
[BlackTeamCountry "GER"]

1. d4 Nf6 2. c4 e6 3. Nf3 b6 4. a3 Ba6 5. Qc2 Bb7 6. Nc3 c5 7. dxc5 Bxc5 8. Bg5 h6 9. Bh4 Nc6 10. Rd1 Be7 11. e3 O-O 12. Be2 Rc8 13. O-O d6 14. Rd2 Na5 15. b3 d5 16. Qb2 Qe8 17. Ne5 Nc6 18. Bg3 Nxe5 19. Bxe5 dxc4 20. bxc4 Nd7 21. Bg3 Bf6 22. Qc2 Nc5 23. Nb5 Ne4 24. Nd6 Nxd6 25. Bxd6 Be7 26. Rfd1 Bc6 27. Qc3 Ba4 28. Rc1 Bxd6 29. Rxd6 Qe7 30. Qb4 Rc5 31. Rd4 Bc6 32. Rcd1 Rc8 33. Qd2 Rg5 34. Rd8+ Rxd8 35. Qxd8+ Qxd8 36. Rxd8+ Kh7 37. f3 Ra5 38. Rd6 Ba4 39. Rd3 Kg6 1/2-1/2

[Event "Oberliga Ost B"]
[Site "?"]
[Date "2023.02.04"]
[Round "6.4"]
[White "Clery, Nicolas"]
[Black "Michalowski, Peter"]
[Result "1-0"]
[WhiteElo "2343"]
[BlackElo "2087"]
[PlyCount "111"]
[EventDate "2022.09.18"]
[EventType "team-tourn"]
[EventCountry "GER"]
[WhiteTeam "Moerlenbach Birkenau Freibauer"]
[BlackTeam "Erfurt SV Empor"]
[WhiteTeamCountry "GER"]
[BlackTeamCountry "GER"]

1. Nf3 d5 2. e3 Nf6 3. c4 e6 4. Nc3 Be7 5. b3 O-O 6. Bb2 b6 7. cxd5 exd5 8. g3 Bb7 9. Bg2 Nbd7 10. O-O Re8 11. Rc1 c5 12. Ne2 Rc8 13. Nf4 Ne4 14. d3 Bf6 15. Bxf6 Nexf6 16. d4 Ne4 17. dxc5 Ndxc5 18. b4 Na6 19. Qb3 Qd6 20. a3 Nc7 21. Rfd1 Red8 22. Nd2 Nf6 23. Ne4 Nxe4 24. Bxe4 Qe5 25. Bf3 Rb8 26. a4 Rd7 27. Rd2 Rbd8 28. Rcd1 Ba8 29. h4 h6 30. Ne2 Ne6 31. Nd4 Nxd4 32. Rxd4 Rd6 33. Qd3 Bb7 34. Qd2 Qe8 35. a5 Qb5 36. Be2 Qe8 37. b5 Bc8 38. e4 Bd7 39. Qb4 Be6 40. Bf3 f6 41. exd5 Bf7 42. Bg2 Qd7 43. Kh2 bxa5 44. Qxa5 Rb8 45. Bf1 Qf5 46. Qd2 Bh5 47. Re1 Be8 48. Bh3 Qf3 49. Re3 Qh5 50. Re7 Bxb5 51. Bg4 Qg6 52. Be6+ Kf8 53. Rxa7 h5 54. Qb4 Rbb6 55. Rf7+ Ke8 56. Qc5 1-0

[Event "Oberliga Ost B"]
[Site "?"]
[Date "2023.02.04"]
[Round "6.5"]
[White "Heinke, Jasper"]
[Black "Dittmar, Peter"]
[Result "1/2-1/2"]
[WhiteElo "2029"]
[BlackElo "2184"]
[PlyCount "54"]
[EventDate "2022.09.18"]
[EventType "team-tourn"]
[EventCountry "GER"]
[WhiteTeam "Erfurt SV Empor"]
[BlackTeam "Moerlenbach Birkenau Freibauer"]
[WhiteTeamCountry "GER"]
[BlackTeamCountry "GER"]

1. e4 c5 2. Nf3 a6 3. c4 Nc6 4. Nc3 e5 5. Be2 d6 6. d3 Be7 7. Nd5 f5 8. exf5 Bxf5 9. O-O Nf6 10. Nxf6+ Bxf6 11. Nd2 O-O 12. Ne4 Bxe4 13. dxe4 Nd4 14. Be3 Qe7 15. Rb1 a5 16. Qd3 Kh8 17. b3 Ra6 18. a3 Rfa8 19. Rb2 Rb6 20. Rfb1 h6 21. Bd1 Bg5 22. Bg4 Rba6 23. Bd1 b6 24. Bg4 R6a7 25. Rf1 Bf6 26. Bxd4 exd4 27. f4 g6 1/2-1/2

[Event "Oberliga Ost B"]
[Site "?"]
[Date "2023.02.04"]
[Round "6.6"]
[White "Boehmer, Christian"]
[Black "Rempel, Patrick"]
[Result "1-0"]
[WhiteElo "2149"]
[BlackElo "2028"]
[PlyCount "77"]
[EventDate "2022.09.18"]
[EventType "team-tourn"]
[EventCountry "GER"]
[WhiteTeam "Moerlenbach Birkenau Freibauer"]
[BlackTeam "Erfurt SV Empor"]
[WhiteTeamCountry "GER"]
[BlackTeamCountry "GER"]

1. c4 Nf6 2. Nc3 g6 3. g3 Bg7 4. e4 d6 5. Bg2 O-O 6. Nge2 c5 7. d3 Nc6 8. h3 Bd7 9. Be3 a6 10. O-O Rb8 11. a4 Ne8 12. d4 cxd4 13. Nxd4 Nc7 14. a5 Na8 15. Nxc6 bxc6 16. Qd2 Be6 17. c5 dxc5 18. Qe2 c4 19. Rfd1 Qc8 20. Kh2 Rd8 21. Na4 Rb5 22. f4 Rb3 23. Bb6 Nxb6 24. Nxb6 Qb8 25. e5 Bd5 26. Bxd5 cxd5 27. Nxd5 Bf8 28. Nb6 c3 29. bxc3 Rxc3 30. e6 f5 31. Rd7 g5 32. Qd2 Rdc8 33. Nxc8 Qxc8 34. Ra2 Qc6 35. Rd8 Qc5 36. Rd5 Qc6 37. Rxf5 Qxe6 38. Rxg5+ Bg7 39. Rxg7+ 1-0

[Event "Oberliga Ost B"]
[Site "?"]
[Date "2023.02.04"]
[Round "6.7"]
[White "Nicolai, Tim"]
[Black "Schaefer, Michael"]
[Result "1-0"]
[WhiteElo "2039"]
[BlackElo "2069"]
[PlyCount "47"]
[EventDate "2022.09.18"]
[EventType "team-tourn"]
[EventCountry "GER"]
[WhiteTeam "Erfurt SV Empor"]
[BlackTeam "Moerlenbach Birkenau Freibauer"]
[WhiteTeamCountry "GER"]
[BlackTeamCountry "GER"]

1. e4 c5 2. Nc3 Nc6 3. Bb5 Nd4 4. Nf3 g6 5. Ba4 Bg7 6. O-O a6 7. Nxd4 cxd4 8. Ne2 b5 9. Bb3 Bb7 10. d3 d6 11. a4 Qb6 12. Bd2 Nf6 13. axb5 axb5 14. Rxa8+ Bxa8 15. Ng3 O-O 16. Qc1 e6 17. Bg5 Bb7 18. Qf4 Nd7 19. Be7 Be5 20. Qh4 Re8 21. f4 Bg7 22. f5 Nc5 23. Nh5 Bh8 24. fxg6 1-0

[Event "Oberliga Ost B"]
[Site "?"]
[Date "2023.02.04"]
[Round "6.8"]
[White "Aranifar, Babak"]
[Black "Reuter, Elisa"]
[Result "1-0"]
[WhiteElo "1900"]
[BlackElo "1905"]
[PlyCount "83"]
[EventDate "2022.09.18"]
[EventType "team-tourn"]
[EventCountry "GER"]
[WhiteTeam "Moerlenbach Birkenau Freibauer"]
[BlackTeam "Erfurt SV Empor"]
[WhiteTeamCountry "GER"]
[BlackTeamCountry "GER"]

1. e4 c5 2. Bc4 Nc6 3. c3 Nf6 4. d3 g6 5. Nf3 d6 6. h3 Bg7 7. O-O O-O 8. Be3 b6 9. a4 Bb7 10. Qd2 Nd7 11. Ba2 Ba6 12. Na3 Nf6 13. Rac1 Qd7 14. Rfd1 Rad8 15. Nb5 Bc8 16. Nh2 a6 17. Na3 Bb7 18. b4 Na7 19. a5 bxa5 20. bxc5 dxc5 21. Nc4 Nb5 22. Bxc5 Qc6 23. Nxa5 Qc7 24. Nxb7 Qxb7 25. Qe3 Rc8 26. Nf3 Qc7 27. Bb6 Qb8 28. Ba5 Ne8 29. e5 Qa7 30. d4 Rb8 31. Qf4 Nbc7 32. Bb4 Ne6 33. Qh4 h6 34. Qxe7 Rb7 35. Qh4 g5 36. Qe4 Nf4 37. g3 Ne6 38. Rb1 N8c7 39. Bxf8 Rxb1 40. Rxb1 Bxf8 41. Rb7 Qa8 42. Bb1 1-0

[Event "Oberliga Ost B"]
[Site "?"]
[Date "2023.02.04"]
[Round "6.1"]
[White "Visakh N R"]
[Black "Khenkin, Igor"]
[Result "0-1"]
[WhiteElo "2548"]
[BlackElo "2499"]
[PlyCount "106"]
[EventDate "2022.09.18"]
[EventType "team-tourn"]
[EventCountry "GER"]
[WhiteTeam "Heusenstamm SC"]
[BlackTeam "Wiesbadener SV"]
[WhiteTeamCountry "GER"]
[BlackTeamCountry "GER"]

1. d4 d5 2. Bf4 c5 3. e3 cxd4 4. exd4 Nc6 5. Nf3 Bg4 6. Nbd2 e6 7. h3 Bh5 8. c3 Bd6 9. Bxd6 Qxd6 10. Bd3 Nf6 11. O-O O-O 12. Re1 Qc7 13. Qb1 Rab8 14. Ne5 b5 15. a3 Bg6 16. Bxg6 hxg6 17. Nxc6 Qxc6 18. Re3 Rfc8 19. h4 a5 20. Nb3 Ra8 21. Nc5 b4 22. cxb4 axb4 23. axb4 Qb5 24. Rxa8 Rxa8 25. Ra3 Rb8 26. Qd1 Ne4 27. h5 g5 28. Qc1 Qe2 29. Nxe4 Qxe4 30. Qxg5 Qe1+ 31. Kh2 Qxf2 32. Rg3 Qxd4 33. Rg4 Qxb2 34. h6 g6 35. Rf4 Rb7 36. h7+ Kxh7 37. Rh4+ Kg7 38. Qf4 Kg8 39. Qd6 Kg7 40. Qf4 Qc3 41. Qh6+ Kg8 42. Qg5 Qc7+ 43. Kh1 Qe7 44. Qh6 Qf6 45. Qh7+ Kf8 46. Qh6+ Ke7 47. Rf4 Qe5 48. Kg1 Rxb4 49. Qh4+ g5 50. Rxf7+ Kxf7 51. Qxb4 Qe3+ 52. Kh1 Qc1+ 53. Kh2 Qf4+ 0-1

[Event "Oberliga Ost B"]
[Site "?"]
[Date "2023.02.04"]
[Round "6.2"]
[White "Geske, Julian"]
[Black "Poetsch, Hagen"]
[Result "1/2-1/2"]
[WhiteElo "2390"]
[BlackElo "2489"]
[PlyCount "31"]
[EventDate "2022.09.18"]
[EventType "team-tourn"]
[EventCountry "GER"]
[WhiteTeam "Wiesbadener SV"]
[BlackTeam "Heusenstamm SC"]
[WhiteTeamCountry "GER"]
[BlackTeamCountry "GER"]

1. e4 c5 2. Nf3 d6 3. Bb5+ Nd7 4. a4 Ngf6 5. Nc3 a6 6. Bc4 e6 7. O-O Be7 8. a5 O-O 9. d3 b5 10. axb6 Bb7 11. Re1 Qxb6 12. Bd2 Rfe8 13. Bb3 Ng4 14. Ba4 Bc6 15. Bxc6 Qxc6 16. h3 1/2-1/2

[Event "Oberliga Ost B"]
[Site "?"]
[Date "2023.02.04"]
[Round "6.3"]
[White "Zuyev, Igor"]
[Black "Dubkov, Andrej"]
[Result "1/2-1/2"]
[WhiteElo "2453"]
[BlackElo "2333"]
[PlyCount "85"]
[EventDate "2022.09.18"]
[EventType "team-tourn"]
[EventCountry "GER"]
[WhiteTeam "Heusenstamm SC"]
[BlackTeam "Wiesbadener SV"]
[WhiteTeamCountry "GER"]
[BlackTeamCountry "GER"]

1. e4 c6 2. d4 d5 3. exd5 cxd5 4. Bd3 Nc6 5. c3 Nf6 6. Bf4 Bg4 7. Qb3 Qd7 8. Nd2 e6 9. Ngf3 Bxf3 10. Nxf3 Bd6 11. Bg3 Qc7 12. O-O O-O 13. Rae1 Bxg3 14. fxg3 Rae8 15. Qd1 e5 16. Nxe5 Nxe5 17. Rxe5 Rxe5 18. dxe5 Qxe5 19. Re1 Qd6 20. Qf3 Re8 21. Rxe8+ Nxe8 22. Qe3 Qb8 23. h3 b6 24. g4 Qd8 25. h4 Nc7 26. Qe5 g6 27. g5 Ne6 28. Kf2 d4 29. cxd4 Nxd4 30. Be4 Ne6 31. Ke2 Nc5 32. Bd5 Nd7 33. Qd6 Qe8+ 34. Kf3 Ne5+ 35. Kg3 Nd3 36. Bxf7+ Qxf7 37. Qxd3 Qxa2 38. b3 Qa3 39. Qd5+ Kg7 40. Qe5+ Kg8 41. Kh2 Qxb3 42. Qb8+ Kg7 43. Qxa7+ 1/2-1/2

[Event "Oberliga Ost B"]
[Site "?"]
[Date "2023.02.04"]
[Round "6.4"]
[White "Bakiev, Diyor"]
[Black "Solonar, Stefan"]
[Result "1-0"]
[WhiteElo "2076"]
[BlackElo "2267"]
[PlyCount "109"]
[EventDate "2022.09.18"]
[EventType "team-tourn"]
[EventCountry "GER"]
[WhiteTeam "Wiesbadener SV"]
[BlackTeam "Heusenstamm SC"]
[WhiteTeamCountry "GER"]
[BlackTeamCountry "GER"]

1. e4 c5 2. Nf3 Nc6 3. Bb5 g6 4. Bxc6 dxc6 5. d3 Bg7 6. h3 e5 7. Be3 Qe7 8. Nc3 Nf6 9. Qd2 O-O 10. Bh6 Nh5 11. Ne2 f5 12. O-O-O f4 13. Bxg7 Nxg7 14. Qc3 Re8 15. g3 fxg3 16. fxg3 Qf7 17. Nxe5 Qxa2 18. Rdf1 Be6 19. Nf4 Rf8 20. Kd2 Qa4 21. Qxc5 Rad8 22. Nxe6 Nxe6 23. Qc4 Qa5+ 24. Qc3 Qb6 25. Kc1 Qe3+ 26. Kb1 Qxg3 27. Ng4 Rxf1+ 28. Rxf1 Qxh3 29. Nf6+ Kf7 30. Rf2 Qh4 31. Qe1 Nf4 32. Nxh7 Qxh7 33. Rxf4+ Kg8 34. e5 Rf8 35. Rxf8+ Kxf8 36. Qf2+ Ke8 37. Qxa7 Qh1+ 38. Ka2 Qd5+ 39. b3 b5 40. Qg7 Qe6 41. Kb2 c5 42. c3 Qg4 43. Qg8+ Ke7 44. Qd5 Qe2+ 45. Ka3 b4+ 46. cxb4 cxb4+ 47. Kxb4 Qg4+ 48. Kb5 g5 49. Qd6+ Ke8 50. e6 Qf5+ 51. Kc4 Qf6 52. Qd7+ Kf8 53. e7+ Qxe7 54. Qxe7+ Kxe7 55. Kd4 1-0

[Event "Oberliga Ost B"]
[Site "?"]
[Date "2023.02.04"]
[Round "6.5"]
[White "Klundt, Klaus"]
[Black "Gottschalk, Jens"]
[Result "1-0"]
[WhiteElo "2277"]
[BlackElo "2227"]
[PlyCount "95"]
[EventDate "2022.09.18"]
[EventType "team-tourn"]
[EventCountry "GER"]
[WhiteTeam "Heusenstamm SC"]
[BlackTeam "Wiesbadener SV"]
[WhiteTeamCountry "GER"]
[BlackTeamCountry "GER"]

1. e4 c5 2. Nf3 Nc6 3. d4 cxd4 4. Nxd4 Nf6 5. Nc3 e6 6. Ndb5 d6 7. Bf4 e5 8. Bg5 a6 9. Na3 b5 10. Nd5 Be7 11. Bxf6 Bxf6 12. c4 b4 13. Nc2 a5 14. g3 Bg5 15. h4 Bh6 16. Bh3 O-O 17. Kf1 Be6 18. Kg2 a4 19. Qd3 Qb8 20. Nce3 Bxe3 21. fxe3 Qb7 22. Rac1 Ra5 23. h5 h6 24. Rhf1 Ne7 25. Rf2 Bxh3+ 26. Kxh3 Qd7+ 27. g4 Nxd5 28. exd5 Rc5 29. b3 axb3 30. axb3 Ra5 31. Kg3 f6 32. Rcf1 Ra3 33. Rf3 Qe7 34. e4 Rfa8 35. g5 fxg5 36. c5 Ra2 37. Qc4 g4 38. Rf5 Rb2 39. c6 Ra7 40. Qe2 Ra3 41. Qc4 Ra7 42. Kxg4 Kh7 43. Kh3 Raa2 44. Qd3 Kg8 45. Qg3 Rc2 46. Rf7 Qg5 47. Qxg5 hxg5 48. Rd7 1-0

[Event "Oberliga Ost B"]
[Site "?"]
[Date "2023.02.04"]
[Round "6.6"]
[White "Minor, Samuel"]
[Black "Roeschlau, Bernd"]
[Result "0-1"]
[WhiteElo "2171"]
[BlackElo "2189"]
[PlyCount "82"]
[EventDate "2022.09.18"]
[EventType "team-tourn"]
[EventCountry "GER"]
[WhiteTeam "Wiesbadener SV"]
[BlackTeam "Heusenstamm SC"]
[WhiteTeamCountry "GER"]
[BlackTeamCountry "GER"]

1. e4 e5 2. Nf3 Nf6 3. Nxe5 d6 4. Nf3 Nxe4 5. Nc3 Nxc3 6. dxc3 Be7 7. Bf4 Nd7 8. Qd2 O-O 9. O-O-O Nc5 10. Nd4 Ne6 11. Nf5 Bf6 12. Be3 Nc5 13. Qd5 Be6 14. Qf3 Nd7 15. Kb1 Ne5 16. Qf4 Ng6 17. Qf3 Qd7 18. Nh6+ Kh8 19. h3 Qa4 20. b3 Qc6 21. Qxc6 bxc6 22. Ng4 Bxc3 23. Rd3 Ba5 24. Bc1 Bb6 25. Rc3 f5 26. Ne3 Ne5 27. Nd1 f4 28. b4 a5 29. bxa5 Rxa5 30. Ra3 Rxa3 31. Bxa3 Ra8 32. Bb2 Bxa2+ 33. Kc1 Bd5 34. f3 Re8 35. Bc3 Re6 36. Ba6 Rg6 37. Re1 Rxg2 38. Bxe5 dxe5 39. Rxe5 g5 40. h4 gxh4 41. Rh5 Bxf3 0-1

[Event "Oberliga Ost B"]
[Site "?"]
[Date "2023.02.04"]
[Round "6.7"]
[White "Flach, Erich"]
[Black "Tuzi, Bruna"]
[Result "1/2-1/2"]
[WhiteElo "2085"]
[BlackElo "2025"]
[PlyCount "20"]
[EventDate "2022.09.18"]
[EventType "team-tourn"]
[EventCountry "GER"]
[WhiteTeam "Heusenstamm SC"]
[BlackTeam "Wiesbadener SV"]
[WhiteTeamCountry "GER"]
[BlackTeamCountry "GER"]

1. c4 Nf6 2. Nc3 c6 3. e4 e5 4. Nf3 d6 5. d4 Qc7 6. Be2 Be7 7. O-O O-O 8. Qc2 Bg4 9. Be3 Re8 10. Rac1 Nbd7 1/2-1/2

[Event "Oberliga Ost B"]
[Site "?"]
[Date "2023.02.04"]
[Round "6.8"]
[White "Knoedler, Marcel"]
[Black "Prudlo, Simon"]
[Result "1-0"]
[WhiteElo "1831"]
[BlackElo "2175"]
[PlyCount "75"]
[EventDate "2022.09.18"]
[EventType "team-tourn"]
[EventCountry "GER"]
[WhiteTeam "Wiesbadener SV"]
[BlackTeam "Heusenstamm SC"]
[WhiteTeamCountry "GER"]
[BlackTeamCountry "GER"]

1. c4 Nf6 2. g3 c5 3. Bg2 g6 4. Nc3 Bg7 5. e3 O-O 6. Nge2 Nc6 7. O-O d6 8. a3 Bd7 9. Rb1 Rb8 10. b4 Qc8 11. Re1 Ne5 12. d3 Bg4 13. Rf1 Bf3 14. Bxf3 Nxf3+ 15. Kg2 Ne5 16. e4 e6 17. Nb5 a6 18. Nxd6 Qc6 19. bxc5 Qxc5 20. f4 Qxd6 21. fxe5 Qxe5 22. Bb2 Qc5 23. Bxf6 Bxf6 24. Rxf6 Qxa3 25. Rf3 b5 26. cxb5 axb5 27. Qb3 b4 28. Qxa3 bxa3 29. Ra1 Rb2 30. Rf2 Ra8 31. Nc1 Kg7 32. Kg1 Rc8 33. Kg2 e5 34. Kf3 Rc3 35. Ke3 Rc7 36. Rd2 h5 37. Ne2 Ra7 38. Rxa3 1-0

[Event "Oberliga Ost B"]
[Site "?"]
[Date "2023.02.04"]
[Round "6.1"]
[White "Humburg, Philipp"]
[Black "Zude, Erik"]
[Result "1-0"]
[WhiteElo "2220"]
[BlackElo "2375"]
[PlyCount "81"]
[EventDate "2022.09.18"]
[EventType "team-tourn"]
[EventCountry "GER"]
[WhiteTeam "Marburg SK"]
[BlackTeam "Hofheim SV II"]
[WhiteTeamCountry "GER"]
[BlackTeamCountry "GER"]

1. d4 d5 2. c4 e6 3. Nf3 Nf6 4. e3 a6 5. Nc3 Nbd7 6. c5 c6 7. Be2 b6 8. cxb6 c5 9. O-O cxd4 10. exd4 Bd6 11. a4 Qxb6 12. a5 Qc7 13. h3 O-O 14. Be3 Bb7 15. Qd3 Bc6 16. Rfc1 h6 17. Rc2 Rfb8 18. Qd1 Qd8 19. Qf1 Bb7 20. Qc1 Rc8 21. Bd2 Ne4 22. Be1 Qf6 23. Nd1 e5 24. Ne3 exd4 25. Ng4 Qg6 26. Nxd4 h5 27. Ne3 Ndf6 28. Nef5 Bf8 29. Bd3 Nd7 30. Qf4 Ndc5 31. Be2 Qf6 32. Rac1 g6 33. b4 gxf5 34. bxc5 Bh6 35. Qxf5 Bxc1 36. Qxf6 Nxf6 37. Rxc1 Rc7 38. c6 Rac8 39. cxb7 Rxc1 40. bxc8=Q+ Rxc8 41. Bxa6 1-0